|
|
|
|
| LEADER |
00776cam a2200229 7i4500 |
| 001 |
0000068674 |
| 005 |
20240807090000.0 |
| 020 |
|
|
|a 9789670149653
|
| 090 |
0 |
0 |
|a BP165
|b .A84 2015
|
| 100 |
1 |
|
|a Al-Attas, Syed Muhammad Naquib
|
| 245 |
1 |
0 |
|a Himpunan risalah
|c Dr. Syed Muhammad Naquib Al-Attas.
|
| 264 |
|
|
|a Batu Caves, Selangor:
|b IBFIM,
|c 2015.
|
| 300 |
|
|
|a xviii, 560 pages;
|c 22 cm.
|
| 336 |
|
|
|a text
|2 rdacontent
|
| 337 |
|
|
|a unmediated
|2 rdamedia
|
| 338 |
|
|
|a volume
|2 rdacarrier
|
| 650 |
|
0 |
|a Islam --
|x Doctrines
|
| 997 |
|
|
|a Selangor Business School
|
| 997 |
|
|
|a IDE Resource Centre
|
| 998 |
|
|
|a Business Administration, Master
|
| 999 |
|
|
|a IDE0000812
|b BOK
|c CLOSED ACCESS COLLECTION
|e IDE Resource Centre
|
| 999 |
|
|
|a SBS0000906
|b BOK
|c OPEN SHELF
|e 1st Floor, Bestari Jaya
|